Historia de Chile: desde la invasión incaica hasta nuestros días, 1500-2000
Uloženo v:
| Hlavní autor: | |
|---|---|
| Médium: | Kniha |
| Jazyk: | španělština |
| Vydáno: |
Santiago, Chile
Catalonia
2003
|
| Témata: | |
| Tagy: |
Přidat tag
Žádné tagy, Buďte první, kdo vytvoří štítek k tomuto záznamu!
|
MARC
| LEADER | 00000nam a2200000 a 4500 | ||
|---|---|---|---|
| 001 | UCL4644 | ||
| 003 | CL-VaPUC | ||
| 005 | 20201106001548.0 | ||
| 008 | 040123e20030000CL |||||||||||||||||spa|d | ||
| 999 | |c 307457 |d 307455 | ||
| 020 | |a 9568303049 | ||
| 040 | |c Pontificia Universidad Católica de Valparaíso | ||
| 082 | 0 | 4 | |a 983 RAM 2003 |2 21 |
| 100 | 0 | |a Ramón, Armando de |e author |9 466218 | |
| 245 | 1 | 0 | |a Historia de Chile: |b desde la invasión incaica hasta nuestros días, 1500-2000 |
| 260 | |a Santiago, Chile |b Catalonia |c 2003 | ||
| 300 | |a 316 páginas | ||
| 583 | |a last modification |c 20040123 00:00:00 |k Rodrigo Vera | ||
| 650 | 0 | |a Historia de Chile |9 265473 | |
| 852 | |a BIBCUR | ||
| 942 | |c BK |2 ddc | ||
| 945 | |d 20040123 00:00:00 |a cmena | ||
| 952 | |0 0 |1 0 |2 ddc |4 0 |6 983_000000000000000_RAM_2003 |7 0 |8 A |9 373426 |a BIBTEO |b BIBTEO |d 2019-11-21 |i 3978036 |l 1 |m 1 |o 983 RAM 2003 |p 3978036 |r 2025-01-17 |s 2022-11-07 |t 3 |w 2019-11-21 |y BK |k ICR | ||
| 952 | |0 0 |1 0 |2 ddc |4 0 |6 983_000000000000000_RAM_2003 |7 0 |8 A |9 373427 |a BIBHIS |b BIBHIS |d 2019-11-21 |i 3988155 |l 4 |m 13 |o 983 RAM 2003 |p 3988155 |r 2024-11-19 |s 2024-11-19 |t 1 |w 2019-11-21 |y BK |k HIS | ||
| 952 | |0 0 |1 0 |2 ddc |4 0 |6 983_000000000000000_RAM_2003 |7 0 |8 A |9 373428 |a BIBHIS |b BIBHIS |d 2019-11-21 |i 400714K |l 5 |m 3 |o 983 RAM 2003 |p 400714K |q 2025-07-25 |r 2024-08-27 |s 2024-08-27 |t 2 |w 2019-11-21 |y BK |k HIS | ||